LEADER 01094nam0-22003731i-450- 001 990003765880403321 005 20071009141849.0 010 $a0-12-131580-0 035 $a000376588 035 $aFED01000376588 035 $a(Aleph)000376588FED01 035 $a000376588 100 $a20030910d1985----km-y0itay50------ba 101 0 $aita 105 $ay-------001yy 200 1 $a<>RESEARCH Interview$eUses and Approaches$fedited by Michael Brenner, Jennifer Brown, David Canter. 210 $aLondon$cAcademic Press$dc1985 215 $axiii, 276 p.$cfig., tav.$d23 cm 610 0 $aScienze sociali$aRicerca$aUso di interviste 610 0 $aQuestionario 610 0 $aIntervista 676 $a300.723 676 $a001.4222 676 $a300.72 702 1$aBrenner,$bMichael$f<1951-1982> 702 1$aBrown,$bJennifer$f<1948- > 702 1$aCanter,$bDavid$f<1944- > 801 0$aIT$bUNINA$gRICA$2UNIMARC 901 $aBK 912 $a990003765880403321 952 $a300.72 BRE 3$b830$fBFS 959 $aBFS 996 $aRESEARCH Interview$9510448 997 $aUNINA LEADER 01257nam2-2200409---450- 001 990003390020203316 005 20150123131139.0 010 $a978-1-60761-438-8 035 $a000339002 035 $aUSA01000339002 035 $a(ALEPH)000339002USA01 035 $a000339002 100 $a20100422d2010----km-y0itay50------ba 101 $aeng 102 $aUS 105 $aa---||||001yy 200 1 $aBioremediation$emethods and protocols$fedited by Stephen P. Cummings 210 $aNew York$cHumana Press$dcopyr. 2010 215 $aX, 285 p.$cill.$d26 cm 225 2 $aMethods in molecular biology$v599 225 2 $aSpringer Protocols 410 0$1001000336582$aMethods in molecular biology$v599 410 0$12001$aSpringer Protocols 606 0 $aInquinamento$xControllo$2BNCF 676 $a628.5 702 1$aCUMMINGS,$bStephen P. 801 0$aIT$bsalbc$gISBD 912 $a990003390020203316 951 $a628.52 BIO$b5352 Farm.$c628.52$d00257658 959 $aBK 969 $aFAR 979 $aPAOLA$b90$c20100422$lUSA01$h1148 979 $aPAOLA$b90$c20100422$lUSA01$h1223 979 $aANNASEN$b90$c20120606$lUSA01$h1311 979 $aPATRY$b90$c20150123$lUSA01$h1311 996 $aBioremediation$9785007 997 $aUNISA